000 01195nam a2200265 i 4500
001 166176
003 ES-MaACL
005 20251002162150.0
008 931025s1786 sp |||| | spa d
040 _aCYL
_bspa
_cPAB
100 1 _aTerreros y Pando, Esteban de,
_d1707-1782
_9109787
245 1 0 _aDiccionario castellano
_b: con las voces de ciencias y artes y sus correspondientes en las tres lenguas francesa, latina e italiana /
_csu autor el P. Esteban de Terreros y Pando ; tomo primero.
260 _aMadrid :
_ben la imprenta de la viuda de Ibarra, hijos y compañia,
_c1786.
300 _a[6], XXXIV, 710 p. ;
_cFol.
596 1 _aMarca tip. en port.
597 1 _aSign.: [ ]\p1\s, *\p2\s, a-d\p4\s, e\p1\s, A-Z\p4\s, 2A-2Z\p4\s, 3A-3Z\p4\s, 4A-4T\p4\s, 4V\p2\s, 4X\p1\s.
597 _aTexto a dos col.
630 0 4 _aDiccionarios y Enciclopedias.
_9222524
700 1 1 _aTerreros y Pando, Esteban de,
_d1707-1782
_9109787
700 1 _a
_eimp.
_9242302
752 _aEspaña -
_d, Madrid
852 _aES-MaACL
_jR-89-92
_z-- Enc. pasta española con hierros dorados, no original de la época Olim: B-287-90
999 _c166176
_d166176